Statistics for Biopic Subjects

Click here to take the quiz!

General Stats

  • This quiz has been taken 24 times
  • The average score is 7 of 10

Answer Stats

FilmsPerson% Correct
The Social NetworkMark Zuckerberg
100%
Bohemian RhapsodyFreddie Mercury
96%
The Iron LadyMargaret Thatcher
96%
RocketmanElton John
91%
The Theory of EverythingStephen Hawking
74%
SpencerPrincess Diana
70%
The Imitation GameAlan Turing
57%
ViceDick Cheney
52%
A Beautiful MindJohn Nash
43%
The Wolf of Wall StreetJordan Belfort
35%

Score Distribution

Percentile by Number Answered

Percent of People with Each Score

Your Score History

You have not taken this quiz